| 000 | 00821nam a2200289Ia 4500 | ||
|---|---|---|---|
| 001 | Z_4577 | ||
| 003 | CHAP | ||
| 008 | 220113s1985 xx 000 0 und d | ||
| 010 | _a167652 | ||
| 040 | _cCHAP | ||
| 090 | _aFolleto 18 | ||
| 100 |
_aUniversidad Autónoma de Chihuahua. Facultad de Zootecnia _9140962 |
||
| 245 |
_aNutrición de bovinos productores de carne en agostaderos / _cUACH. Facultad de Zootecnia |
||
| 260 |
_aChihuahua, Chih. : _bLa UACH, _c1985 |
||
| 300 | _a26 p. | ||
| 440 |
_aTESEACHIC : Revista técnica para el ganadero, 4 _9112460 |
||
| 500 | _a | ||
| 503 | _a | ||
| 650 |
_aGanado de carne _xAlimentación I. t. _9141923 |
||
| 650 |
_aGanado vacuno _xNutrición _945498 |
||
| 901 | _aFolleto 18 | ||
| 902 | _aA | ||
| 910 | _a1985 | ||
| 942 | _cc14 | ||
| 942 | _cc14 | ||
| 999 |
_c167652 _d167652 |
||